|
|
|
|
| LEADER |
00000cam a2200000 c 4500 |
| 001 |
1647809908 |
| 003 |
DE-627 |
| 005 |
20251225205322.0 |
| 007 |
tu |
| 008 |
890816s1989 xxu||||| 00| ||eng c |
| 020 |
|
|
|a 0070689962
|9 0-07-068996-2
|
| 035 |
|
|
|a (DE-627)1647809908
|
| 035 |
|
|
|a (DE-576)018408664
|
| 035 |
|
|
|a (DE-599)BSZ018408664
|
| 035 |
|
|
|a (OCoLC)260164793
|
| 035 |
|
|
|a (OCoLC)19064245
|
| 035 |
|
|
|a (DE-604)8026146770
|
| 040 |
|
|
|a DE-627
|b ger
|c DE-627
|e rakwb
|
| 041 |
|
|
|a eng
|
| 044 |
|
|
|c XD-US
|
| 050 |
|
0 |
|a HV6431
|
| 082 |
0 |
|
|a 363.3/2
|
| 082 |
0 |
|
|a 363.32
|
| 084 |
|
|
|a 3,6
|2 ssgn
|
| 100 |
1 |
|
|a Weinberg, Leonard
|d 1939-
|0 (DE-588)104795611X
|0 (DE-627)77963540X
|0 (DE-576)401787230
|4 aut
|
| 109 |
|
|
|a Weinberg, Leonard 1939-
|a Weinberg, Leonard B. 1939-
|
| 245 |
1 |
0 |
|a Introduction to political terrorism
|c Leonard Weinberg; Paul Davis
|
| 264 |
|
1 |
|a New York [u.a.]
|b McGraw-Hill
|c 1989
|
| 300 |
|
|
|a XIV, 234 S.
|
| 336 |
|
|
|a Text
|b txt
|2 rdacontent
|
| 337 |
|
|
|a ohne Hilfsmittel zu benutzen
|b n
|2 rdamedia
|
| 338 |
|
|
|a Band
|b nc
|2 rdacarrier
|
| 500 |
|
|
|a Bibliography: p. 214-222
|
| 500 |
|
|
|a Includes index
|
| 583 |
1 |
|
|a Archivierung prüfen
|c 20200919
|f DE-640
|z 3
|2 pdager
|
| 583 |
1 |
|
|a Archivierung/Langzeitarchivierung gewährleistet
|f SLG
|x XA-DE-BW
|z BfZ
|2 pdager
|5 DE-24
|
| 583 |
1 |
|
|a Massenentsäuert
|c 2011
|2 pdager
|5 DE-18
|
| 650 |
|
0 |
|a Terrorism
|
| 689 |
0 |
0 |
|d s
|0 (DE-588)4059534-1
|0 (DE-627)106143212
|0 (DE-576)209131136
|a Terrorismus
|2 gnd
|
| 689 |
0 |
|
|5 (DE-627)
|
| 700 |
1 |
|
|a Davis, Paul
|0 (DE-627)1235304876
|0 (DE-576)165304871
|4 oth
|
| 856 |
4 |
2 |
|u http://www.loc.gov/catdir/toc/fy0711/88027213.html
|x Verlag
|y Table of contents only
|7 1
|
| 889 |
|
|
|w (DE-627)148335551
|
| 935 |
|
|
|i mdedup
|
| 951 |
|
|
|a BO
|
| ELC |
|
|
|b 1
|
| LOK |
|
|
|0 000 xxxxxcx a22 zn 4500
|
| LOK |
|
|
|0 001 3325225713
|
| LOK |
|
|
|0 003 DE-627
|
| LOK |
|
|
|0 004 1647809908
|
| LOK |
|
|
|0 005 20151023154353
|
| LOK |
|
|
|0 008 890816||||||||||||||||ger|||||||
|
| LOK |
|
|
|0 040
|a DE-21
|c DE-627
|d DE-21
|
| LOK |
|
|
|0 852
|a DE-21
|
| LOK |
|
|
|0 852 1
|c KB 8 E 2000
|9 00
|
| LOK |
|
|
|0 935
|a krim
|
| LOK |
|
|
|0 939
|a 16-08-89
|b l01
|
| ORI |
|
|
|a SA-MARC-krimdoka001.raw
|
| SIG |
|
|
|a UB: KB 8 E 2000
|